| 000 | 00526nam a22001337a 4500 | ||
|---|---|---|---|
| 020 | _a 978-1409404705 | ||
| 040 | _cNUST | ||
| 082 | _a355.02,REC | ||
| 245 |
_aReconstructing Conflict: Integrating War and Post-War Geographies / _cEdition by Scott Kirsch, Colin Flint |
||
| 260 |
_aUSA _bAshgate _c2011 |
||
| 300 | _aXI, 330 p.: | ||
| 505 | _aPart-1: Introduction (Page-3), Part-2: Geographies of War and Reconstruction (Page-31), Part-3: hegemony and Conflict: Rethinking Peace (Page-179). | ||
| 942 |
_2ddc _cBK _m355.02,REC |
||
| 999 |
_c592806 _d592806 |
||